Partial differential equations in action : (Record no. 52734)

MARC details
000 -LEADER
fixed length control field 00555nam a2200193Ia 4500
005 - DATE AND TIME OF LATEST TRANSACTION
control field 20260429112156.0
008 - FIXED-LENGTH DATA ELEMENTS--GENERAL INFORMATION
fixed length control field 260429s9999||||xx |||||||||||||| ||und||
020 ## - INTERNATIONAL STANDARD BOOK NUMBER
International Standard Book Number 9783031218521
041 ## - LANGUAGE CODE
Language English
082 ## - DEWEY DECIMAL CLASSIFICATION NUMBER
Classification number 515.353
Item number SAL
100 ## - MAIN ENTRY--PERSONAL NAME
Personal name Salsa, Sandro
245 #0 - TITLE STATEMENT
Title Partial differential equations in action :
Remainder of title from modelling to theory /
Statement of responsibility, etc Sandro Salsa
250 ## - EDITION STATEMENT
Edition statement 4th ed.
260 ## - PUBLICATION, DISTRIBUTION, ETC. (IMPRINT)
Place of publication, distribution, etc Switzerland :
Name of publisher, distributor, etc Springer,
Date of publication, distribution, etc 2022.
300 ## - PHYSICAL DESCRIPTION
Extent xviii, 677 p.; pbk
650 ## - SUBJECT ADDED ENTRY--TOPICAL TERM
Topical term or geographic name as entry element Differential equations
700 ## - ADDED ENTRY--PERSONAL NAME
Personal name Verzini, Gianmaria
942 ## - ADDED ENTRY ELEMENTS (KOHA)
Koha item type Text Books
Holdings
Withdrawn status Lost status Damaged status Not for loan Collection code Home library Location Shelving location Date of Cataloging Source of acquisition Total Checkouts Full call number Barcode Date last seen Price effective from Koha item type
        Non-fiction CUTN Central Library CUTN Central Library Sciences 29/04/2026 Technical Bureau, New Delhi - Invoice No. TB3352 on 09-02-2026   515.353 SAL 57853 29/04/2026 29/04/2026 Text Books